000 00656nam a2200229 i 4500
001 16074
003 ES-MaACL
005 20231216062903.0
007 t|
008 000621s2000 sp ||||1| spa d
020 _a84-322-1061-7
080 _a821.134.2-31"19"
100 1 _aArrabal, Fernando,
_d1932-
_923204
245 1 0 _aLevitación
_b: novela mística /
_cFernando Arrabal.
250 _a1ª ed.
260 _aBarcelona :
_bSeix Barral,
_c2000.
300 _a155 p. ;
_c23 cm.
490 1 _aBiblioteca breve
830 0 _aBiblioteca breve (Seix Barral)
_9227188
852 _aES-MaACL
_jL-23294
_bR.128593
999 _c16074
_d16074